[Event "Reykjavik Open 2009"]
[Site "Reykjavik"]
[Date "2009.03.26"]
[Round "3.30"]
[White "Gudmundsson, Stefan Freyr"]
[Black "Lagerman, Robert"]
[Result "0-1"]
[WhiteElo "2092"]
[BlackElo "2368"]
[PlyCount "94"]
[EventDate "2009.03.24"]

1. d4 Nf6 2. c4 c5 3. d5 b5 4. cxb5 a6 5. bxa6 Bxa6 6. g3 d6 7. Bg2 g6 8. b3
Bg7 9. Bb2 Nbd7 10. Nh3 O-O 11. O-O Qb6 12. Qd2 Rfb8 13. Bc3 Qd8 14. Rd1 Qf8
15. Qc2 Ne8 16. Nf4 Ne5 17. h4 Nc7 18. a4 Bc8 19. Na3 Na6 20. Nc4 Nb4 21. Qd2
Nxc4 22. bxc4 Bd7 23. Rdb1 Bxc3 24. Qxc3 Rxa4 25. Rxa4 Bxa4 26. Nd3 Qg7 27. Qa3
Bc2 28. Ra1 Bxd3 29. Qa7 Qf8 30. exd3 Nxd3 31. Bh3 Ne5 32. Qa6 Qd8 33. Kg2 Qb6
34. Qxb6 Rxb6 35. Ra7 Kf8 36. Ra8+ Kg7 37. Ra7 Kf6 38. g4 h6 39. f4 Rb2+ 40.
Kg3 Rb3+ 41. Kg2 Nxc4 42. g5+ hxg5 43. hxg5+ Kg7 44. Rxe7 Ne3+ 45. Kh2 Nxd5 46.
Rd7 Nxf4 47. Bf1 d5 0-1

[Event "Reykjavik Open 2009"]
[Site "Reykjavik"]
[Date "2009.03.26"]
[Round "3.31"]
[White "Kjartansson, Gudmundur"]
[Black "Andersson, Christin"]
[Result "1-0"]
[WhiteElo "2365"]
[BlackElo "2132"]
[PlyCount "83"]
[EventDate "2009.03.24"]

1. c4 e5 2. Nc3 Nf6 3. Nf3 Nc6 4. g3 d5 5. cxd5 Nxd5 6. Bg2 Be6 7. O-O Be7 8.
d4 exd4 9. Nxd4 Nxd4 10. Qxd4 Nxc3 11. Qxc3 Bf6 12. Qb4 c6 13. Qxb7 O-O 14. Bf4
Qd4 15. Bxc6 Rac8 16. Rad1 Qxb2 17. Qxb2 Bxb2 18. Bd7 Rc2 19. Bxe6 fxe6 20. Rd2
Rfc8 21. Rfd1 e5 22. Rxc2 Rxc2 23. Rd2 Rxd2 24. Bxd2 Kf7 25. e4 Ke6 26. Kf1 Kd6
27. Ke2 Bd4 28. Be3 Bc5 29. Kd3 Bxe3 30. Kxe3 g6 31. f4 Ke6 32. h4 Kf6 33. Kd3
h6 34. Kc4 exf4 35. gxf4 g5 36. hxg5+ hxg5 37. fxg5+ Kxg5 38. Kd5 Kf6 39. Kd6
Kf7 40. a4 Ke8 41. Ke6 Kd8 42. Kf7 1-0

[Event "Reykjavik Open 2009"]
[Site "Reykjavik"]
[Date "2009.03.26"]
[Round "3.32"]
[White "Cross, Ted"]
[Black "Johannesson, Ingvar Thor"]
[Result "0-1"]
[WhiteElo "2076"]
[BlackElo "2345"]
[PlyCount "86"]
[EventDate "2009.03.24"]

1. e4 e6 2. d3 d5 3. Nd2 c5 4. Ngf3 Nc6 5. g3 g6 6. Bg2 Bg7 7. O-O Nge7 8. Re1
h6 9. c3 Qc7 10. Nf1 O-O 11. Ne3 Rd8 12. e5 d4 13. Ng4 dxc3 14. bxc3 Nf5 15.
Nf6+ Kh8 16. g4 Nxe5 17. Nxe5 Bxf6 18. Bf4 Nd6 19. Qf3 Bg7 20. Qh3 Kh7 21. Bxh6
Bxh6 22. g5 Nf5 23. gxh6 Rh8 24. Re4 Qe7 25. Bf3 Bd7 26. Kh1 Kg8 27. Rg1 Rxh6
28. Nxg6 Qf6 29. Ne5+ Kh8 30. Nxd7 Rxh3 31. Nxf6 Rxf3 32. Reg4 Nh6 33. Nd7 Nxg4
34. Rxg4 Rxd3 35. Rh4+ Kg7 36. Rg4+ Kh8 37. Rh4+ Kg7 38. Rg4+ Kh6 39. Ne5 Rd5
40. Nxf7+ Kh5 41. Re4 Rf8 42. Ne5 Rxf2 43. Re1 Rdd2 0-1

[Event "Reykjavik Open 2009"]
[Site "Reykjavik"]
[Date "2009.03.26"]
[Round "3.33"]
[White "Einarsson, Einar Kristinn"]
[Black "Lucaroni, Massimiliano"]
[Result "0-1"]
[WhiteElo "2065"]
[BlackElo "2310"]
[PlyCount "52"]
[EventDate "2009.03.24"]

1. d4 d5 2. e3 Nf6 3. f4 c5 4. Nf3 Nc6 5. c3 e6 6. Bd3 b6 7. O-O Bb7 8. Nbd2
Bd6 9. Ne5 O-O 10. b3 Ne7 11. Qc2 Rc8 12. Bb2 Rc7 13. Rae1 Qa8 14. Rf2 a5 15.
a4 Ba6 16. Bxa6 Qxa6 17. Qb1 Rfc8 18. c4 cxd4 19. exd4 Bb4 20. cxd5 exd5 21.
Rc1 Rxc1+ 22. Bxc1 Bxd2 23. Rxd2 Ne4 24. Rc2 f6 25. Nf3 Nc3 26. Qa1 Ne2+ 0-1

[Event "Reykjavik Open 2009"]
[Site "Reykjavik"]
[Date "2009.03.26"]
[Round "3.34"]
[White "Gretarsson, Hjorvar Steinn"]
[Black "Berg, Runar"]
[Result "1-0"]
[WhiteElo "2279"]
[BlackElo "2130"]
[PlyCount "41"]
[EventDate "2009.03.24"]

1. d4 d5 2. Nf3 Nf6 3. c4 c6 4. Nc3 e6 5. Bg5 h6 6. Bh4 Be7 7. e3 Nbd7 8. Bd3
O-O 9. O-O Nh5 10. Bxe7 Qxe7 11. Ne5 Nhf6 12. f4 dxc4 13. Bxc4 Nd5 14. Rf3 Nxc3
15. bxc3 Nxe5 16. fxe5 b6 17. Rg3 Bb7 18. Qg4 g6 19. Rf1 Kg7 20. Rf6 Rg8 21.
Bxe6 1-0

[Event "Reykjavik Open 2009"]
[Site "Reykjavik"]
[Date "2009.03.26"]
[Round "3.36"]
[White "Vigfusson, Vigfus"]
[Black "Edvardsson, Kristjan"]
[Result "0-1"]
[WhiteElo "2027"]
[BlackElo "2253"]
[PlyCount "74"]
[EventDate "2009.03.24"]

1. e4 g6 2. d4 Bg7 3. Nc3 d6 4. Be3 Nf6 5. Bd3 c6 6. f3 O-O 7. Qd2 e5 8. dxe5
dxe5 9. O-O-O Re8 10. g4 Nbd7 11. h4 b5 12. h5 Qa5 13. hxg6 fxg6 14. Bh6 Bh8
15. g5 Nh5 16. Bxb5 Nb6 17. Bxc6 Be6 18. Bxe8 Rxe8 19. Qd6 Nf4 20. a3 Nc4 21.
Qb4 Qc7 22. Nb5 Qb6 23. Nd6 Qe3+ 24. Kb1 Rd8 25. b3 a5 26. Qb7 Nd2+ 27. Ka2 Qc3
28. Rxd2 Qxd2 29. Bf8 Qxc2+ 30. Ka1 Kxf8 31. Rxh7 Qd1+ 32. Ka2 Qxd6 33. Rxh8+
Bg8 34. Rh2 Rb8 35. Qa7 Bxb3+ 36. Kb2 Bg8+ 37. Kc2 Qd3+ 0-1

[Event "Reykjavik Open 2009"]
[Site "Reykjavik"]
[Date "2009.03.26"]
[Round "3.37"]
[White "Sofrigin, Alexej"]
[Black "Bergsson, Stefan"]
[Result "1-0"]
[WhiteElo "2252"]
[BlackElo "2079"]
[PlyCount "61"]
[EventDate "2009.03.24"]

1. Nf3 c5 2. g3 Nc6 3. Bg2 Nf6 4. O-O e6 5. c4 d5 6. d4 cxd4 7. Nxd4 Qb6 8. Nb5
dxc4 9. N1c3 Bd7 10. Be3 Qa5 11. Rc1 Rd8 12. Nd6+ Bxd6 13. Qxd6 Qe5 14. Qxe5
Nxe5 15. Bxb7 Rb8 16. Bg2 Rxb2 17. Bd4 Nc6 18. Bc5 Rb8 19. Rb1 Rxb1 20. Rxb1
Rg8 21. Ne4 Nd5 22. Nd6+ Ke7 23. Nxc4+ Kf6 24. e4 Nc3 25. Rb3 Ne2+ 26. Kf1 Ned4
27. e5+ Kf5 28. Rd3 Bc8 29. Nd6+ Kxe5 30. f4+ Kf6 31. Nxc8 1-0

[Event "Reykjavik Open 2009"]
[Site "Reykjavik"]
[Date "2009.03.26"]
[Round "3.38"]
[White "Benediktsson, Frimann"]
[Black "Karlovich, Anastazia"]
[Result "1/2-1/2"]
[WhiteElo "1939"]
[BlackElo "2251"]
[PlyCount "81"]
[EventDate "2009.03.24"]

1. d4 Nf6 2. Nf3 c5 3. e3 b6 4. Be2 Bb7 5. O-O d6 6. c4 cxd4 7. Nxd4 Nbd7 8. b3
g6 9. Bb2 Bg7 10. Nc3 O-O 11. Bf3 Bxf3 12. Nxf3 Rc8 13. Qe2 Nc5 14. Rac1 Qd7
15. Rfd1 Rfd8 16. h3 Qb7 17. Nd5 Nce4 18. Nxf6+ Bxf6 19. Bxf6 Nxf6 20. Qd3 d5
21. cxd5 Rxd5 22. Qe2 Rcd8 23. Rxd5 Rxd5 24. Rd1 Ne4 25. Rxd5 Qxd5 26. Qc2 Kg7
27. Nd4 e5 28. Qc6 Qxc6 29. Nxc6 Nc3 30. a4 b5 31. axb5 Nxb5 32. Nxe5 Kf6 33.
Nd3 Ke6 34. Kf1 Kd5 35. f3 Nd6 36. Ke2 f5 37. Kd2 Nb5 38. Kc2 Kd6 39. b4 Kd5
40. Kb3 Nd6 41. Kc3 1/2-1/2

[Event "Reykjavik Open 2009"]
[Site "Reykjavik"]
[Date "2009.03.26"]
[Round "3.39"]
[White "Ptacnikova, Lenka"]
[Black "Rodriguez Fonseca, Jorge"]
[Result "1-0"]
[WhiteElo "2249"]
[BlackElo "2052"]
[PlyCount "99"]
[EventDate "2009.03.24"]

1. e4 d5 2. exd5 Qxd5 3. Nc3 Qa5 4. d4 Nf6 5. Nf3 Bf5 6. Bc4 e6 7. Bd2 c6 8.
Qe2 Bb4 9. O-O-O Nbd7 10. a3 Bxc3 11. Bxc3 Qc7 12. Kb1 O-O-O 13. h3 h6 14. g4
Bh7 15. Bd2 Nb6 16. Ba2 Nfd5 17. Ne5 Kb8 18. Bb3 Rhe8 19. Ba5 f6 20. Nc4 e5 21.
dxe5 fxe5 22. Rhe1 e4 23. Ne3 Qe5 24. Nxd5 cxd5 25. Qb5 Re6 26. Bc3 Qg5 27. Bd4
Bg8 28. a4 Rc6 29. a5 a6 30. Qb4 Nc8 31. Re3 Nd6 32. Rc3 Rxc3 33. Qxc3 Nb5 34.
Qg3+ Ka8 35. Be3 Qe7 36. Bb6 Rd7 37. f3 Be6 38. Re1 Qb4 39. fxe4 d4 40. Bxe6
Nc3+ 41. Kc1 d3 42. cxd3 Na4 43. Re2 Rd6 44. Bd5 Nxb6 45. axb6 Qxb6 46. Qf2 Qd8
47. Qf7 Qg5+ 48. Kb1 Rb6 49. Rc2 Qe5 50. Qf2 1-0

[Event "Reykjavik Open 2009"]
[Site "Reykjavik"]
[Date "2009.03.26"]
[Round "3.40"]
[White "Zak, Uri"]
[Black "Hug, Marcel"]
[Result "1-0"]
[WhiteElo "2198"]
[BlackElo "2257"]
[PlyCount "107"]
[EventDate "2009.03.24"]

1. e4 e5 2. Nf3 d6 3. d4 exd4 4. Qxd4 a6 5. Bg5 Nc6 6. Bxd8 Nxd4 7. Nxd4 Kxd8
8. Bc4 Nh6 9. O-O c6 10. c3 g6 11. Nd2 Bg7 12. h3 f5 13. f3 Re8 14. g4 Bf6 15.
a4 Kc7 16. a5 Bd7 17. Rad1 Re7 18. Ba2 Rd8 19. Nc4 Nf7 20. Kg2 h5 21. Nb6 Bxd4
22. cxd4 hxg4 23. fxg4 Ng5 24. exf5 Re2+ 25. Rf2 Rxf2+ 26. Kxf2 gxf5 27. Nxd7
Kxd7 28. gxf5 Rf8 29. Bb1 Nxh3+ 30. Kg3 Ng5 31. Kf4 Nh7 32. Rg1 Rf7 33. Rg6 Nf8
34. Rh6 Ke7 35. Ba2 d5 36. Bb1 Rf6 37. Rh3 Kf7 38. Bc2 Kg7 39. Rg3+ Kf7 40. Kg5
Nh7+ 41. Kf4 Rh6 42. Rb3 Kf6 43. Rxb7 Rh2 44. Bd3 Ng5 45. Rb6 Nh3+ 46. Ke3 Kg5
47. Bxa6 Nf4 48. f6 Ng2+ 49. Kd2 Kxf6 50. Rxc6+ Kf5 51. Bd3+ Kg5 52. a6 Nf4+
53. Ke3 Nxd3 54. a7 1-0

[Event "Reykjavik Open 2009"]
[Site "Reykjavik"]
[Date "2009.03.26"]
[Round "3.42"]
[White "Thorsteinsdottir, Hallgerdur"]
[Black "Thorhallsson, Gylfi"]
[Result "0-1"]
[WhiteElo "1951"]
[BlackElo "2219"]
[PlyCount "90"]
[EventDate "2009.03.24"]

1. e4 d6 2. d4 Nf6 3. Bd3 c6 4. f4 e5 5. c3 Qb6 6. Nf3 Bg4 7. Nbd2 Nbd7 8. fxe5
dxe5 9. Nc4 Qc7 10. O-O exd4 11. cxd4 O-O-O 12. Bg5 Bc5 13. dxc5 Nxc5 14. e5
Rxd3 15. Qc2 Bxf3 16. Nd6+ Kb8 17. Rxf3 Rxf3 18. Qxc5 Nd7 19. Qd4 f6 20. gxf3
fxg5 21. e6 Nf6 22. Nf7 Re8 23. Re1 Qb6 24. Qxb6 axb6 25. Nxg5 h6 26. Nf7 Kc7
27. Kg2 Ra8 28. a3 Ra5 29. f4 Rb5 30. Re2 Rb3 31. f5 Rb5 32. Rf2 Ng4 33. Rd2
Nf6 34. Rf2 Rd5 35. b4 Ng4 36. Re2 Rxf5 37. e7 Nf6 38. Ne5 Ne8 39. Kg3 b5 40.
Kg4 Rf1 41. Nd3 b6 42. Nf4 Kd7 43. h4 Nf6+ 44. Kf5 Ke8 45. Re6 Nd5 0-1

[Event "Reykjavik Open 2009"]
[Site "Reykjavik"]
[Date "2009.03.26"]
[Round "3.45"]
[White "Jonsson, Bjorn"]
[Black "Gudmundsdottir, Geirthrudur Ann"]
[Result "1/2-1/2"]
[WhiteElo "2012"]
[BlackElo "1775"]
[PlyCount "29"]
[EventDate "2009.03.24"]

1. e4 e6 2. d4 d5 3. Nc3 dxe4 4. Nxe4 Nd7 5. Nf3 Ngf6 6. Ng3 c5 7. Be2 Be7 8.
O-O O-O 9. c4 b6 10. Qc2 Qc7 11. b3 Bb7 12. Bb2 a6 13. Rad1 cxd4 14. Nxd4 Nc5
15. Bf3 1/2-1/2

[Event "Reykjavik Open 2009"]
[Site "Reykjavik"]
[Date "2009.03.26"]
[Round "3.46"]
[White "Johannsdottir, Johanna Bjorg"]
[Black "Gudmundsson, Kjartan"]
[Result "0-1"]
[WhiteElo "1724"]
[BlackElo "2009"]
[PlyCount "132"]
[EventDate "2009.03.24"]

1. e4 d6 2. d4 Nf6 3. Nc3 g6 4. Be3 Bg7 5. Qd2 c6 6. Bd3 Ng4 7. Nf3 Nxe3 8.
fxe3 Nd7 9. O-O c5 10. Bc4 O-O 11. Ng5 e6 12. Nf3 Nb6 13. Be2 a6 14. Rad1 Nd7
15. a4 Qb6 16. b3 Bh6 17. Bc4 cxd4 18. Nxd4 d5 19. Bd3 e5 20. Nxd5 Qxd4 21.
exd4 Bxd2 22. Rxd2 exd4 23. Bc4 Nc5 24. Rxd4 Kg7 25. Nc3 Be6 26. Bxe6 Nxe6 27.
Rd7 Rac8 28. Rf3 Nc5 29. Re7 Ne6 30. Nd5 Rxc2 31. Rxb7 Ng5 32. Rf4 Ne6 33. Rf2
Rc1+ 34. Rf1 Rc2 35. Nb4 Re2 36. Nxa6 Ng5 37. Re7 h5 38. Nc5 Rc2 39. b4 Rd8 40.
Rd7 Rxd7 41. Nxd7 Nxe4 42. Rb1 h4 43. b5 h3 44. gxh3 Nd2 45. Rb4 Nf3+ 46. Kf1
Nxh2+ 47. Ke1 Nf3+ 48. Kd1 Rd2+ 49. Kc1 Rxd7 50. b6 Rb7 51. a5 Ne5 52. Rb5 Nd7
53. Kd2 Kf6 54. Ke3 Ke6 55. Kf4 f6 56. a6 Rxb6 57. a7 Ra6 58. Rb7 Ra4+ 59. Kf3
Ne5+ 60. Kg3 Kf5 61. Rc7 Ra3+ 62. Kg2 g5 63. Rh7 Kf4 64. h4 Ra2+ 65. Kf1 g4 66.
h5 g3 0-1

[Event "Reykjavik Open 2009"]
[Site "Reykjavik"]
[Date "2009.03.26"]
[Round "3.47"]
[White "Palsson, Svanberg Mar"]
[Black "Filosof, Asi"]
[Result "1-0"]
[WhiteElo "1720"]
[BlackElo "1986"]
[PlyCount "89"]
[EventDate "2009.03.24"]

1. d4 Nf6 2. c4 g6 3. Nc3 Bg7 4. g3 d6 5. Bg2 O-O 6. Nf3 Nbd7 7. O-O e5 8. dxe5
dxe5 9. h3 c6 10. Be3 Qe7 11. Qd2 Nb6 12. Bxb6 axb6 13. Rad1 Bf5 14. g4 Ne4 15.
Qe3 Nxc3 16. bxc3 Be6 17. Nxe5 Bc8 18. Nd7 Qxe3 19. fxe3 Bxc3 20. Nxf8 Kxf8 21.
Rd8+ Ke7 22. Rfd1 Be5 23. Be4 Bc7 24. Rh8 Be5 25. Rxh7 Be6 26. Bxg6 Bxc4 27.
Rf1 Bf6 28. Bxf7 Bxf7 29. g5 Rg8 30. Rxf7+ Kxf7 31. Rxf6+ Ke7 32. h4 Ra8 33.
Kf2 Rxa2 34. e4 Ra1 35. Kg2 Re1 36. Rf2 Ra1 37. g6 Ra8 38. h5 Rg8 39. Kg3 Ke6
40. Kg4 b5 41. Kg5 b4 42. h6 b3 43. h7 Rh8 44. g7 b2 45. Rf1 1-0

[Event "Reykjavik Open 2009"]
[Site "Reykjavik"]
[Date "2009.03.26"]
[Round "3.49"]
[White "Arnalds, Stefan"]
[Black "Gasanova, Ulker"]
[Result "1-0"]
[WhiteElo "1953"]
[BlackElo "1646"]
[PlyCount "45"]
[EventDate "2009.03.24"]

1. d4 d5 2. c4 e6 3. cxd5 exd5 4. Nc3 Nf6 5. Bg5 c6 6. e3 Be7 7. Bd3 O-O 8. Qc2
h6 9. Bxf6 Bxf6 10. Nf3 Nd7 11. O-O-O b5 12. g4 Nb6 13. Rdg1 b4 14. Ne2 a5 15.
h4 Be7 16. g5 h5 17. Nf4 Bg4 18. Ne5 Rc8 19. Bh7+ Kh8 20. g6 fxg6 21. Nfxg6+
Kxh7 22. Nxf8+ Kg8 23. Qh7+ 1-0

[Event "Reykjavik Open 2009"]
[Site "Reykjavik"]
[Date "2009.03.26"]
[Round "3.52"]
[White "Jonsson, Olafur Gisli"]
[Black "Andrason, Pall"]
[Result "1-0"]
[WhiteElo "1913"]
[BlackElo "1564"]
[PlyCount "47"]
[EventDate "2009.03.24"]

1. e4 c5 2. Nf3 Nc6 3. d4 cxd4 4. Nxd4 g6 5. Nc3 Bg7 6. Be3 d6 7. Bc4 Nf6 8. f3
O-O 9. Qd2 Nxd4 10. Bxd4 Kh8 11. O-O-O a6 12. Bb3 b5 13. Nd5 Ne8 14. Bxg7+ Nxg7
15. Kb1 Be6 16. g4 Bxd5 17. exd5 f5 18. h4 f4 19. c3 Qb6 20. Rde1 Rae8 21. h5
gxh5 22. Qd3 Rf6 23. Bc2 Kg8 24. Qxh7+ 1-0

[Event "Reykjavik Open 2009"]
[Site "Reykjavik"]
[Date "2009.03.27"]
[Round "4.1"]
[White "Leon Hoyos, Manuel"]
[Black "Maze, Sebastien"]
[Result "1/2-1/2"]
[WhiteElo "2542"]
[BlackElo "2579"]
[PlyCount "143"]
[EventDate "2009.03.24"]

1. e4 e5 2. Nf3 Nc6 3. Bb5 Nf6 4. O-O Nxe4 5. Re1 Nd6 6. Nxe5 Nxe5 7. Rxe5+ Be7
8. Bd3 O-O 9. Nc3 Ne8 10. Nd5 Bd6 11. Re3 g6 12. Qe2 Nf6 13. Nxf6+ Qxf6 14. Bc4
Bc5 15. Rf3 Qe7 16. Qxe7 Bxe7 17. d4 Kg7 18. Bf4 d6 19. Re1 Bd8 20. h3 Bd7 21.
Bb3 a5 22. a3 Re8 23. Rxe8 Bxe8 24. a4 f5 25. Rc3 Bd7 26. Be3 Rc8 27. Bd5 c6
28. Bf3 Bf6 29. Rb3 b5 30. c4 b4 31. Rd3 g5 32. g3 Be8 33. b3 Bf7 34. Rd1 d5
35. c5 Re8 36. Kf1 Be6 37. Kg1 Bc8 38. Bg2 Ba6 39. Bf3 Kg6 40. Bg2 h5 41. Bf3
Bd8 42. Bg2 Bc7 43. Bc1 Bc8 44. Bf1 f4 45. gxf4 Bxf4 46. Bxf4 gxf4 47. h4 Bf5
48. Kg2 Be4+ 49. f3 Bf5 50. Bd3 Re3 51. Bxf5+ Kxf5 52. Rb1 Re2+ 53. Kf1 Rd2 54.
Re1 Kf6 55. Re5 Rxd4 56. Rxh5 Rd3 57. Rh6+ Ke5 58. Rxc6 Rxf3+ 59. Ke2 Rxb3 60.
Rc8 Rc3 61. h5 b3 62. Rb8 f3+ 63. Kf2 Kf4 64. h6 Rc2+ 65. Kg1 Rg2+ 66. Kf1 b2
67. c6 Ke3 68. Rb3+ Kf4 69. Rb8 Rc2 70. h7 Kg3 71. Rg8+ Kf4 72. Rb8 1/2-1/2

[Event "Reykjavik Open 2009"]
[Site "Reykjavik"]
[Date "2009.03.27"]
[Round "4.2"]
[White "Conquest, Stuart C"]
[Black "Oleksienko, Mikhailo"]
[Result "1-0"]
[WhiteElo "2531"]
[BlackElo "2550"]
[PlyCount "67"]
[EventDate "2009.03.24"]

1. d4 Nf6 2. c4 c5 3. Nf3 e6 4. g3 cxd4 5. Nxd4 Nc6 6. Bg2 Qb6 7. Nb3 Bb4+ 8.
Nc3 Ne5 9. c5 Bxc5 10. Nxc5 Qxc5 11. Bf4 Nc4 12. Rc1 g5 13. b4 Qxb4 14. Bxg5
Ng4 15. O-O Rg8 16. Bh4 d5 17. e4 Nb2 18. Qd2 d4 19. a3 Qb6 20. Na2 Bd7 21. Rc2
Na4 22. Rfc1 a5 23. Rc7 Ne5 24. Qh6 d3 25. Qf6 Qd6 26. Rxb7 Ng4 27. Qf3 Nc5 28.
Rbb1 Rc8 29. Nc3 Qd4 30. Nd1 Rg6 31. Qf4 e5 32. Qf3 Bc6 33. h3 Kd7 34. Qxf7+
1-0

[Event "Reykjavik Open 2009"]
[Site "Reykjavik"]
[Date "2009.03.27"]
[Round "4.4"]
[White "Danielsen, Henrik"]
[Black "Areshchenko, Alexander"]
[Result "1/2-1/2"]
[WhiteElo "2482"]
[BlackElo "2673"]
[PlyCount "59"]
[EventDate "2009.03.24"]

1. Nf3 Nf6 2. d4 g6 3. c4 Bg7 4. g3 d5 5. cxd5 Nxd5 6. Bg2 Nb6 7. Nc3 Nc6 8. e3
O-O 9. O-O Re8 10. Re1 a5 11. h3 a4 12. Kh2 Ra5 13. Bd2 e5 14. Ne2 Rb5 15. Bc3
exd4 16. Nexd4 Rc5 17. Rc1 Ne5 18. Nxe5 Bxe5 19. a3 h5 20. Ne2 Qe7 21. f4 Rd8
22. Nd4 Bg7 23. Bb4 Rxc1 24. Qxc1 Qe8 25. Qxc7 Nd5 26. Bxd5 Rxd5 27. Qe7 Qxe7
28. Bxe7 Bf5 29. Bb4 Be4 30. Rc1 1/2-1/2

[Event "Reykjavik Open 2009"]
[Site "Reykjavik"]
[Date "2009.03.27"]
[Round "4.5"]
[White "Meszaros, Michal"]
[Black "Kryvoruchko, Yuriy"]
[Result "0-1"]
[WhiteElo "2376"]
[BlackElo "2604"]
[PlyCount "80"]
[EventDate "2009.03.24"]

1. e4 c5 2. Nf3 e6 3. d4 cxd4 4. Nxd4 a6 5. Bd3 Bc5 6. Nb3 Be7 7. Qg4 Bf6 8.
O-O Nc6 9. f4 d6 10. Qg3 Nge7 11. N1d2 O-O 12. Nc4 Ng6 13. Be3 b5 14. Nb6 Rb8
15. Nxc8 Qxc8 16. c3 b4 17. Rac1 bxc3 18. bxc3 a5 19. Nd4 e5 20. f5 Nf4 21.
Nxc6 Qxc6 22. Bxf4 exf4 23. Qxf4 Rb2 24. Rc2 Rfb8 25. Rxb2 Rxb2 26. a4 h6 27.
Bb5 Qc5+ 28. Kh1 Bxc3 29. f6 Bxf6 30. Qg4 Qc2 31. h3 Rb1 32. Qd7 Qxe4 33. Qxd6
Rxf1+ 34. Bxf1 Qxa4 35. Qb8+ Kh7 36. Qb1+ g6 37. Qb7 Kg7 38. g4 Qf4 39. Qg2 a4
40. Bb5 a3 0-1

[Event "Reykjavik Open 2009"]
[Site "Reykjavik"]
[Date "2009.03.27"]
[Round "4.8"]
[White "Steingrimsson, Hedinn"]
[Black "Siebrecht, Sebastian"]
[Result "1-0"]
[WhiteElo "2547"]
[BlackElo "2440"]
[PlyCount "105"]
[EventDate "2009.03.24"]

1. d4 Nf6 2. c4 e6 3. Nc3 Bb4 4. Qc2 b6 5. a3 Bxc3+ 6. Qxc3 O-O 7. Nf3 Bb7 8.
e3 d6 9. Be2 Nbd7 10. O-O Ne4 11. Qc2 f5 12. b4 Rf6 13. d5 exd5 14. Rd1 dxc4
15. Bxc4+ Kh8 16. Bd5 Bxd5 17. Rxd5 c5 18. Nh4 Qg8 19. Rxf5 Rxf5 20. Nxf5 Qe6
21. Ng3 Nxg3 22. hxg3 Nf6 23. Bd2 Ng4 24. Re1 Rf8 25. f3 Ne5 26. Bc3 Nc4 27. e4
Kg8 28. Qa4 Qf7 29. Rd1 Ne3 30. Rd3 Nc4 31. Qa6 h6 32. Qa4 Kh7 33. Qd1 Re8 34.
Qc1 Rd8 35. Rd5 cxb4 36. axb4 Rc8 37. g4 Ne5 38. Qe3 Qc7 39. Bd4 Nc6 40. Bc3
Ne5 41. Bd2 Nc4 42. Qf4 Kg8 43. Bc3 Rf8 44. Qg3 a5 45. bxa5 bxa5 46. g5 Ne3 47.
Rd3 Qb6 48. Qxd6 Qb1+ 49. Kf2 Ng4+ 50. Kg3 h5 51. fxg4 Qf1 52. gxh5 Rf2 53.
Qe6+ 1-0

[Event "Reykjavik Open 2009"]
[Site "Reykjavik"]
[Date "2009.03.27"]
[Round "4.10"]
[White "Hillarp Persson, Tiger"]
[Black "Thorfinnsson, Bragi"]
[Result "1-0"]
[WhiteElo "2586"]
[BlackElo "2383"]
[PlyCount "111"]
[EventDate "2009.03.24"]

1. Nf3 Nf6 2. g3 g6 3. Bg2 Bg7 4. c4 O-O 5. O-O d5 6. cxd5 Nxd5 7. Nc3 Nc6 8.
Ng5 Nb6 9. d3 e5 10. Be3 Nd4 11. Rc1 Qe7 12. Qd2 c6 13. f4 exf4 14. Bxf4 Ne6
15. Nxe6 Bxe6 16. Bh6 f5 17. Bxg7 Qxg7 18. Qe3 Rfe8 19. Qc5 Rad8 20. a4 Qd4+
21. Qxd4 Rxd4 22. a5 Nd5 23. Bxd5 Bxd5 24. Rf4 Rxf4 25. gxf4 Bb3 26. Kf2 Rd8
27. Ke3 Kf7 28. Ra1 h6 29. Ra3 Be6 30. h4 Kf6 31. Ra4 c5 32. b4 Bb3 33. Ra3
cxb4 34. Rxb3 bxc3 35. Rxc3 Ke6 36. Rc7 Rd7 37. Rc8 Rd5 38. h5 gxh5 39. a6 bxa6
40. Rh8 Rd6 41. Rxh6+ Kd5 42. Rxh5 Rf6 43. Rh7 Kc5 44. Rxa7 Kb4 45. Kd4 a5 46.
Rb7+ Ka3 47. Ke5 Rf8 48. e4 fxe4 49. dxe4 Re8+ 50. Kd4 Rd8+ 51. Ke3 Ra8 52. f5
Ka2 53. f6 a4 54. f7 a3 55. Re7 Rf8 56. e5 1-0

[Event "Reykjavik Open 2009"]
[Site "Reykjavik"]
[Date "2009.03.27"]
[Round "4.12"]
[White "Nataf, Igor-Alexandre"]
[Black "Vernay, Clovis"]
[Result "1/2-1/2"]
[WhiteElo "2533"]
[BlackElo "2339"]
[PlyCount "47"]
[EventDate "2009.03.24"]

1. e4 e6 2. d4 d5 3. Nc3 Bb4 4. e5 Ne7 5. Bd2 c5 6. a3 Bxc3 7. Bxc3 cxd4 8.
Qxd4 Nbc6 9. Qg4 O-O 10. Nf3 Ng6 11. Bd3 d4 12. Bxg6 dxc3 13. Rd1 Qc7 14. Bd3
Nxe5 15. Bxh7+ Kxh7 16. Qh5+ Kg8 17. Qxe5 Qxe5+ 18. Nxe5 cxb2 19. Kd2 f6 20.
Nc4 b5 21. Na5 e5 22. Kc3 b1=Q 23. Rxb1 a6 24. Rbd1 1/2-1/2

[Event "Reykjavik Open 2009"]
[Site "Reykjavik"]
[Date "2009.03.27"]
[Round "4.13"]
[White "Lagerman, Robert"]
[Black "Macak, Stefan"]
[Result "1/2-1/2"]
[WhiteElo "2368"]
[BlackElo "2527"]
[PlyCount "98"]
[EventDate "2009.03.24"]

1. e4 e6 2. d4 d5 3. Nd2 Nf6 4. e5 Nfd7 5. Bd3 c5 6. c3 Nc6 7. Ngf3 Be7 8. O-O
a5 9. a3 cxd4 10. cxd4 Qb6 11. Qa4 g5 12. Nb3 g4 13. Ne1 Qa7 14. Be3 Nb6 15.
Qb5 a4 16. Nc5 Qb8 17. Qxb6 Bd8 18. Na6 Bxb6 19. Nxb8 Rxb8 20. Nc2 h5 21. f4
Ne7 22. Bd2 Bd7 23. Kf2 Rc8 24. Ke3 Nc6 25. Bc3 f5 26. exf6 Rh6 27. Nb4 Rxf6
28. Nxc6 Bxc6 29. Kd2 Kd7 30. f5 Rcf8 31. fxe6+ Kxe6 32. Rae1+ Kd7 33. Rxf6
Rxf6 34. Re5 Rf2+ 35. Ke3 Rxg2 36. Rxh5 g3 37. Bf5+ Ke7 38. hxg3 Rxg3+ 39. Kf2
Rg7 40. Rh6 Rf7 41. Rh7 Rxh7 42. Bxh7 Bb5 43. Bc2 Kf6 44. Ke3 Kg5 45. b3 Bc7
46. bxa4 Bf4+ 47. Kf2 Bc4 48. Kf3 Bc1 49. Bb4 Kf6 1/2-1/2

[Event "Reykjavik Open 2009"]
[Site "Reykjavik"]
[Date "2009.03.27"]
[Round "4.14"]
[White "Johannesson, Ingvar Thor"]
[Black "Williams, Simon K"]
[Result "0-1"]
[WhiteElo "2345"]
[BlackElo "2507"]
[PlyCount "80"]
[EventDate "2009.03.24"]

1. Nf3 d6 2. g3 e5 3. c4 f5 4. Bg2 Be7 5. d3 Nf6 6. Nc3 O-O 7. O-O Qe8 8. c5
Kh8 9. cxd6 Bxd6 10. Nd2 c6 11. Nc4 Bc7 12. d4 e4 13. d5 cxd5 14. Nxd5 Nxd5 15.
Qxd5 Nc6 16. Nd6 Bxd6 17. Qxd6 Be6 18. Be3 Rd8 19. Qa3 Bc4 20. Rfe1 Qf7 21. b3
Ba6 22. Qb2 Qd5 23. Rac1 b6 24. h4 Kg8 25. Bh3 Rf7 26. Kh2 Bb7 27. Qa1 Qe6 28.
Red1 Re8 29. Rd2 Nb4 30. Bd4 Nd5 31. Rdc2 Qd6 32. e3 h6 33. h5 f4 34. exf4 Nxf4
35. Bc8 Ne2 36. Bxb7 Nxd4 37. Rc8 Rxf2+ 38. Kh3 Qe6+ 39. g4 Rf3+ 40. Kh2 Qe5+
0-1

[Event "Reykjavik Open 2009"]
[Site "Reykjavik"]
[Date "2009.03.27"]
[Round "4.15"]
[White "Bhat, Vinay S"]
[Black "Gretarsson, Hjorvar Steinn"]
[Result "1/2-1/2"]
[WhiteElo "2495"]
[BlackElo "2279"]
[PlyCount "197"]
[EventDate "2009.03.24"]

1. d4 Nf6 2. c4 e6 3. Nc3 Bb4 4. e3 b6 5. Nge2 Ba6 6. a3 Bxc3+ 7. Nxc3 d5 8. b3
O-O 9. Be2 dxc4 10. bxc4 Nc6 11. a4 Na5 12. Ba3 Re8 13. Nb5 e5 14. d5 Qd7 15.
O-O c6 16. dxc6 Qxc6 17. Qc2 Nb7 18. Rfd1 Nc5 19. Bf3 e4 20. Rd6 Qc8 21. Be2
Nb7 22. Rd4 Bxb5 23. axb5 Nc5 24. h3 h6 25. Bb2 Qc7 26. Rad1 Re6 27. Ba1 Rc8
28. Qb2 Rce8 29. R4d2 R6e7 30. Rd6 Re6 31. R6d5 Na4 32. Qd4 Nc5 33. Bg4 R6e7
34. Rd6 Nb3 35. Qc3 Nxa1 36. Rc6 Qb8 37. Qxa1 Qe5 38. Qxe5 Rxe5 39. Rc7 R5e7
40. Rc6 Rb8 41. Bf5 Kf8 42. g4 Ng8 43. Rd4 Rbe8 44. Kf1 g6 45. Bd7 Rd8 46. Bc8
Rde8 47. Rdd6 Re5 48. Rc7 R5e7 49. Bd7 Ra8 50. Rb7 Kg7 51. Bc6 Rxb7 52. Bxb7
Re8 53. Rd7 Nf6 54. Rc7 Kf8 55. Bc6 Re7 56. Rc8+ Kg7 57. Rd8 Nh7 58. Kg2 Nf6
59. Kg3 g5 60. Rd4 Re5 61. Kg2 Kf8 62. Rd8+ Kg7 63. Kf1 Re7 64. Rd4 Kg6 65. Rd6
Re6 66. Rd8 h5 67. Bb7 Re7 68. Bc8 hxg4 69. hxg4 Kg7 70. Bf5 Re5 71. Ke2 Rc5
72. Rd4 Kf8 73. Kd2 Ke7 74. Kc3 Re5 75. Rd1 Rc5 76. Ra1 Rc7 77. Kd4 Kf8 78. Rh1
Kg7 79. Re1 Rc5 80. Ra1 Rc7 81. Kc3 Nd7 82. Rd1 Nc5 83. Rd6 Nd3 84. Bxe4 Ne5
85. Bc6 Nxg4 86. Rd2 Ne5 87. Bd5 Kf6 88. f3 Ng6 89. Rh2 Ne7 90. Kd4 Nf5+ 91.
Kd3 Ne7 92. Rh6+ Ng6 93. Kd4 Kg7 94. Rh5 f6 95. Rh1 Ne7 96. Be6 Ng6 97. Bf5 Nh4
98. Be4 Rd7+ 99. Kc3 1/2-1/2